|
|
|
|
| LEADER |
00000nam2a2200000 4500 |
| 001 |
92261 |
| 005 |
20231031104608.0 |
| 035 |
|
|
|a (RuTPU)RU\TPU\book\98863
|
| 090 |
|
|
|a 92261
|
| 100 |
|
|
|a 20060310d1969 k y0rusy50 ca
|
| 101 |
0 |
|
|a rus
|
| 102 |
|
|
|a RU
|
| 105 |
|
|
|a a z 001zy
|
| 200 |
0 |
|
|a Т. 1 : Электронные устройства и системы
|f под ред. П. В. Голубева, В. М. Карпенко, В. Я. Майстрового
|
| 210 |
|
|
|d 1969
|
| 215 |
|
|
|a 360 с.
|c ил.
|
| 320 |
|
|
|a Библиогр. в конце ст.
|
| 461 |
|
1 |
|0 (RuTPU)RU\TPU\book\110724
|t Устройства электропитания и электропривода малой мощности
|o сборник статей
|v Т. 1 : Электронные устройства и системы
|d 1969-
|
| 610 |
1 |
|
|a электропитающие установки
|
| 610 |
1 |
|
|a электроприводы
|
| 610 |
1 |
|
|a электронные устройства
|
| 610 |
1 |
|
|a преобразователи постоянного тока
|
| 610 |
1 |
|
|a статистические преобразователи
|
| 610 |
1 |
|
|a проектирование
|
| 675 |
|
|
|a 621.396.68
|v 3
|
| 675 |
|
|
|a 621.385
|v 3
|
| 675 |
|
|
|a 62-83
|v 3
|
| 702 |
|
1 |
|a Голубев
|b П. В.
|4 340
|
| 702 |
|
1 |
|a Карпенко
|b В. М.
|4 340
|
| 702 |
|
1 |
|a Майстровой
|b В. Я.
|4 340
|
| 801 |
|
1 |
|a RU
|b 63413507
|c 20060310
|g PSBO
|
| 801 |
|
2 |
|a RU
|b 63413507
|c 20190506
|g PSBO
|
| 942 |
|
|
|c BK
|